Statistiken für Bergketten auf einer Karte

Klicken Sie hier um das Quiz zu spielen!

Allgemein

  • Dieses Quiz wurde 11.402 mal gespielt
  • Das Durchschnittsergebnis liegt bei 8 aus 20

Antworten auf der Karte

Die Antworten werden auf der Karte rot bzw. grün angezeigt, abhängig davon wie oft sie richtig erraten wurden.
 

Antwortstatistiken

Höhe (m)Höchster BergBergkette% Korrekt
4'810Mont BlancAlpen
99%
6'962AconcaguaAnden
90%
8'848Mt. EverestHimalaya
86%
1'895NarodnajaUral
81%
4'401Mt. ElbertRocky Mountains
79%
3'404Pico de AnetoPyrenäen
68%
5'642ElbrusKaukasus
51%
4'167Jbel ToubkalAtlasgebirge
45%
2'037Mt. MitchellAppalachen
42%
2'655Gerlachovský štítKarpaten
35%
4'421Mt. WhitneySierra Nevada
17%
3'724Aoraki / Mt. CookSüdalpen
15%
6'190DenaliAlaskakette
14%
7'708Tirich MirHindukusch
14%
4'506BeluchaAltai
12%
2'228Mt. KosciuszkoGreat Dividing Range
9%
7'649Kongur TaghPamir-Gebirge
9%
4'392Mt. RainierKaskadenkette
8%
7'439Dschengisch TschokusuTian Shan
8%
2'819Phou BiaTruong-Son-Gebirge
3%

Verteilung der Resultate

Perzentil nach korrekt beantworteten Fragen

Anzahl Personen mit jedem Resultat

Ihre Resultats-Entwicklung

Sie haben dieses Quiz noch nicht gespielt